000 01346cam a2200337 i 4500
001 193585
003 SpMaBN
005 20240125092835.0
007 ta
008 240117s1922 sp spa
016 7 _abimoBNE19981122972
_2SpMaBN
035 _aIND9100301520
035 _a(OCoLC)431531280
035 _abimo0000868564
035 _aCCPB000661270-9
040 _aSpMaBN
_bspa
_cA2
_dES-MaACL
080 _a809.169(04)
100 1 _aFernández Amador de los Ríos, Juan,
_d1874-aproximadamente 1943
_0XX1269377
_eaut
_9147827
245 1 0 _aMonumento y tesoro de la lengua ibérica /
_cpor D. Juan Fernández Amador de los Ríos ...
260 _aZaragoza :
_b[s.n.],
_c1922
_e(Tipografía "La Académica" de Federico Martínez)
300 _a660 páginas, 2 hojas ;
_c32 cm
336 _2rdacontent
_aTexto
337 _2rdamedia
_asin mediación
338 _2rdacarrier
_avolumen
510 4 _aCCPB,
_c000661270-9
650 7 _aLengua íbera
_9147826
852 _aES-MaACL
_965003
_bR.M.11
_bR.4657
_jD-11
_cSVI
_xEncuadernación holandesa, lomo reforzado en piel.
_fSello en tinta en portada: "Ateneo de Madrid. Biblioteca. 30 OCT 1924"
_gAnotación manuscrita en portada: "100"
942 _n0
_cMONOGRAFIA
999 _c193585
_d193585